000 00564nam a2200217Ia 4500
005 20250425162109.0
008 250425s9999 xx 000 0 und d
041 _aspa
082 _a338.9
110 _aINSTITUTO ECUATORIANO DE COOPERACION INTERNACIONAL
245 0 _aCOOPERACION PARA EL DESARROLLO: ECUADOR 2001
250 _a1A ED.
260 _aEcuador
_bINECI
_c2002
260 _aQUITO
300 _a449
650 _aCOOPERACION INTERNACIONAL
650 _aDESARROLLO ECONOMICO Y SOCIAL
650 _aECUADOR
942 _c01
010 _a49637
999 _c222255
_d222255